RASSEGNA DI TEOLOGIA. N. II. ANNO XXXII. MARZO APRILE 1991. RIVISTA DI TEOLOGIA E SCIENZE UMANE. (Record n. 319722)

Dettagli MARC
000 -LEADER
fixed length control field 01624nas a2200277Ia 4500
001 - CONTROL NUMBER
control field R200-R1647
003 - CONTROL NUMBER IDENTIFIER
control field IT-CnALBA
008 - FIXED-LENGTH DATA ELEMENTS--GENERAL INFORMATION
fixed length control field 170116c99999999xx |||||||||||| ||und||
040 ## - CATALOGING SOURCE
Original cataloging agency IT-CnALBA
Transcribing agency IT-CnALBA
041 ## - LANGUAGE CODE
Language code of text/sound track or separate title ITALIANO
999 ## - SYSTEM CONTROL NUMBERS (KOHA)
Koha Dewey Subclass [OBSOLETE] NO
100 ## - MAIN ENTRY--PERSONAL NAME
Personal name GIRAUDO CESARE, SJ.
210 ## - ABBREVIATED TITLE
Abbreviated title RASSEGNA DI TEOLOGIA
222 ## - KEY TITLE
Key title RASSEGNA DI TEOLOGIA
245 #0 - TITLE STATEMENT
Title RASSEGNA DI TEOLOGIA. N. II. ANNO XXXII. MARZO APRILE 1991. RIVISTA DI TEOLOGIA E SCIENZE UMANE.
Remainder of title RIVISTA DI TEOLOGIA E SCIENZE UMANE
250 ## - EDITION STATEMENT
Edition statement 1a ed.
260 ## - PUBLICATION, DISTRIBUTION, ETC. (IMPRINT)
Place of publication, distribution, etc. ROMA
Name of publisher, distributor, etc. AVE, ANONIMA VERITA'S EDITRICE
Date of publication, distribution, etc. 1991
300 ## - PHYSICAL DESCRIPTION
Extent 110 p.
310 ## - CURRENT PUBLICATION FREQUENCY
Current publication frequency BIMESTRALE
362 ## - DATES OF PUBLICATION AND/OR SEQUENTIAL DESIGNATION
Dates of publication and/or sequential designation Fascicolo: 2 / Anno: 32 (1991)
500 ## - GENERAL NOTE
General note CROCE LEGNO DELLA RELAZIONE. STORIA E METAFISICA, RADICI RELIGIOSE DELLA FILOSOFIA DELLA STORIA DI ERNST TROELTSCH. LIBERTÀ DI COSCIENZA. MINISTERO DELLA DONNA. MARIA SORELLA NOSTRA. FORUM ATI, ASSOCIAZIONE TEOLOGICA ITALIANA, ANTROPOCENTRISMO CRISTIANO, NATURA DELL'UOMO. RECENSIONI. BIBLIOGRAFIA. MARRA B. TADDEI FERRETTI C. CAPORALE V. GALANTINO N. CATTANEO E.
501 ## - WITH NOTE
With note Società San Paolo EM - Piazza San Paolo, 14 - 12051 ALBA (CN) (non commercial uses only) ® Copyright 2017
520 ## - SUMMARY, ETC.
Summary, etc. CROCE LEGNO DELLA RELAZIONE. STORIA E METAFISICA, RADICI RELIGIOSE DELLA FILOSOFIA DELLA STORIA DI ERNST TROELTSCH. LIBERTÀ DI COSCIENZA. MINISTERO DELLA DONNA. MARIA SORELLA NOSTRA. FORUM ATI, ASSOCIAZIONE TEOLOGICA ITALIANA, ANTROPOCENTRISMO CRISTIANO, NATURA DELL'UOMO. RECENSIONI. BIBLIOGRAFIA. MARRA B. TADDEI FERRETTI C. CAPORALE V. GALANTINO N. CATTANEO E.
650 ## - SUBJECT ADDED ENTRY--TOPICAL TERM
Topical term or geographic name as entry element TEOLOGIA - SCIENZE UMANE
942 ## - ADDED ENTRY ELEMENTS (KOHA)
Koha item type RIVISTA
957 ## -
-- 1
999 ## - SYSTEM CONTROL NUMBERS (KOHA)
-- 1
Dati di copia
Withdrawn status Lost status Damaged status Not for loan Home library Current library Date acquired Total Checkouts Full call number Date last seen Price effective from Koha item type Public note
    Buone Condizioni Not For Loan ALBA - Biblioteca ALBA - Biblioteca 16/01/2017   R200-R1647 16/01/2017 16/01/2017 RIVISTA (data import: 16 gennaio 2017) - By Epidotti, Vaglietti.
CREDITS: SOCIETA' SAN PAOLO Via A.Severo, 58 - ROMA (RM) & PERIODICI SAN PAOLO SRL Via Giotto, 36 MILANO & CISF Via Giotto, 36 MILANO & EDIZIONI SAN PAOLO SRL,  Piazza Soncino, 5 CINISELLO BALSAMO (MI) -- ITALY